| 000 | 00811nam a22002415a 4500 | ||
|---|---|---|---|
| 008 | 150830r20142011ii a frbd 001 0 eng d | ||
| 020 | _a9789350140758 | ||
| 040 |
_aEG-ScBUE _beng _cEG-ScBUE _dEG-ScBUE |
||
| 082 | 0 | 4 |
_a005.42 _bSHA _222 |
| 100 | 1 |
_aSharma, Pankaj. _938882 |
|
| 245 | 1 | 0 |
_aSystem programming and system administration / _cPankaj Sharma. |
| 250 | _a2nd ed., Reprinted ed. | ||
| 260 |
_aNew Delhi : _bS. K. Kataria and Sons, _c2014. |
||
| 300 |
_a413 p. : _bill. ; _c25 cm. |
||
| 500 | _aIndex : p. 411-413. | ||
| 500 | _aIncludes glossary. | ||
| 504 | _aIncludes bibliographical references. | ||
| 630 | 0 |
_aUNIX (Computer file) _2BUEsh _937251 |
|
| 650 | 0 |
_aOperating systems (Computers) _2BUEsh |
|
| 651 | _2BUEsh | ||
| 653 |
_bCOMSCI _cAugust2015 _cDecember2015 |
||
| 942 |
_2ddc _k005.42 SHA |
||
| 999 |
_c20738 _d20710 |
||